000
00202 a2200097 4500
001
16792
100
_a
Cartland B
245
_a
Perfection of love
260
_a
_b
Corgi books
_c
090
_c
12658
_d
12658
942
_a
NUST-CAE
_c
M
_c
2956
999
_c
251865
_d
251865